000 02417nam a2200433 i 4500
001 193159
003 SpMaBN
005 20250825062646.0
007 ta
008 230915s2007 sp | ||| ||spa
016 7 _abimoBNE20070374138
_2SpMaBN
017 _aM 5183-2007
_bOficina Depósito Legal Madrid
020 _a9788420471792
035 _a(OCoLC)137314236
035 _abimo0002183069
040 _aSpMaBN
_bspa
_cSpMaBN
_erdc
_dEs-MaACL
080 _a087.5:82
100 1 _aMontero, Rosa,
_d1951-
_0XX968899
_eaut
_982503
245 1 0 _aBárbara contra el Doctor Colmillos /
_cRosa Montero ; ilustraciones de Daniel Torres
250 _aSegunda edición: febrero 2008
264 1 _a[Madrid] :
_bAlfaguara,
_c2008
300 _a143 páginas :
_bilustraciones (blanco y negro) ;
_c20 cm
336 _2rdacontent
_aTexto
337 _2rdamedia
_asin mediación
338 _2rdacarrier
_avolumen
490 1 _aAlfaguara infantil
520 _aVuelven Bárbara y su pandilla: Tulipa (su hermano), el Baboso y su amiga Margarita (la mendiga), Canela (su perro), Nicolas (el chico guapo de la historia), Flosss (la reina de los gatos), Grup (el primer ministro de Ratonia, República Independiente de Roedores) y el Doctor Colmillos (un dentista loco, que nos hará pasarlas moradas con su ejército de dentaduras claqueantes). Un día Bárbara se despierta y ve que la gente se comporta de manera extraña: la asistenta pretende lavar la ropa con aceite, los peatones andan hacia atrás... Bárbara, Margarita, Canela, Tulipa y el Baboso ponen manos a la obra, porque el caos lo invade todo. El mundo se arreglará al final con la inestimable ayuda del Bestiario, un libro viejísimo, que nos vuelve a demostrar que los libros siempre vencen al caos y el saber a la barbarie
655 7 _aLibros infantiles
_2tgfbne
_9226786
655 7 _aLibros ilustrados
_2tgfbne
_9193653
700 _aTorres, Daniel,
_d1958-
_9234221
_eill
830 _9223305
_aAlfaguara infantil
852 _aES-MaACL
_9200517
_jN-9485
_cDEPOJ
_gDedicatoria autógrafa de la autora
_hDonación: Rosa Montero
_bR. 154561
_xEncuadernación rústica
903 _aMontero, Rosa,
_d1951-
_ednr
_982503
942 _n0
_cMONOGRAFIA
999 _c193159
_d193159